000 01120nas a2200397 4500
001 BR0706865
003 BR-BrBNA
005 20231205111316.0
007 ta
008 230509b bl.|||p| |||| 00| 00por d
040 _aBR-BrBNA
_bpor
_cBiblioteca Nacional de Agricultura
041 _a(Pt)
072 _aL70
100 1 _aSoerensen, B.
100 1 _aChristovão, F.G.
100 1 _aVieira, V.
100 1 _aMoreira, M.B.
100 1 _aSantos, R.V. dos
100 1 _aRepetti, E.
100 1 _aPacchini, C.E.
100 1 _aSouza, S. de
100 1 _aSilva, A.R.C. da
100 1 _aCavalcante, N.B.C.
100 1 _aMonteiro, A.L.G.
100 1 _aOliveira, A.M. de
100 1 _aPereira, O.A.
100 1 _aBergonso, T.H.D.
100 1 _aMuller, E.
245 1 _aPrimeiras observações sobre a castração química de bezerros com novo produto
650 _aBEZERRO
650 _aCIRURGIA
650 _aPRODUTO QUÍMICO
773 0 _tUNIMAR Ciências (Brazil)
_xISSN 1415-1642
_g(1997), v. 6(1) p. 47-52
_wBR0706865
909 _a202311
_bLúcia
_c55
_dLúcia Elande
942 _2AGRIS
_n0
_cANA
999 _c191964
_d191964